000 00324 a2200157 4500
001 175372
020 _a
040 _cMagnum
100 _aChapelle, Reine-Marie Paris de La
240 1 0 _aCamille Claudel
_lpor
245 1 0 _aCamille Claudel
300 _a192
362 0 _a1997
697 _aMISCELÂNEA
942 _cBK
999 _c175372
_d175372